00576 2200229 4500001002100000005001700021008004100038020001800079035002400097082001100121090002100132100001500153245003900168250001100207260002800218300002400246650002300270850001700293980001500310985000600325999001500331YOGYA-0209000006714220090227091940.0 ind  a979-403-924-1 0010-020900000067142 a028.55 a028.55bWol BlK aWOLF, Tony aBello punya kapal selamcTony Wolf aCet. 1 aJakartabGramediac1990 a28 hlmbilusc16 cm aBacaan kanak-kanak aYOPDYOG(JSC) a16-12-2008 a1 a95P0071382